000 00863nam a2200265 a 4500
001 BRCA_7459
005 20190320205838.0
008 120413s1804----enka######---#000-0#eng-#
041 _aeng
044 _aenk
050 4 _aNK4748
_b.B47 1804
100 1 _aBertrand de Moleville, Antoine Francois
_cMarqués de
_d1744-1818
_918364
245 1 0 _aThe costume of the hereditary states of the house of Austria
_cby Bertrand de Moleville ; tr. by R. C. Dallas.
260 _aLondres
_bW. Miller
_c1804
300 _axxviii p.
_bil. a color, 50 láminas
500 _aEx-libris de: James Comerford
500 _aEdición con cantos dorados
500 _aQ216
546 _aTexto en: inglés y francés
650 1 4 _aIndumentaria
_zAustria
_918365
650 1 4 _aAustria, Casa de
_918366
700 1 _aDallas, R. C.
_etr.
_918367
902 _aGFM
942 _2lcc
_cB
999 _c7135
_d7135